01065cam a22002651 4500001001300000003000400013005001700017008004100034010001700075035002000092040001800112042001200130050002500142110006400167245014900231260002300380300002300403410010900426500010000535500001800635504003200653650004900685700005000734999001500784agr39000047 DLC20260227110957.0920915s1939 dcu b f000 0 eng  aagr39000047  a(OCoLC)26608128 aDLCcNNCdDLC apremarc00aZ5074.E3bU35 no. 771 aUnited States.bBureau of Agricultural Economics.bLibrary.00aPart-time farming in the United States;ba selected list of references.cCompiled by Helen E. Hennefrund under the direction of Mary G. Lacy ... aWashington,c1939. avi, 272 p.c27 cm.10aUnited States.bBureau of Agricultural Economics.bLibrary.tAgricultural economics bibliographyvno. 77 aAt head of title: United States Department of Agriculture. Bureau of Agricultural Economics ... aMimeographed. a"Sources consulted": p. vi. 0aAgriculturexEconomic aspectsvBibliography.1 aHennefrund, Helen Emma,d1909-ejoint author. c9929d9929